000 00340nam a22001337a 4500
008 171107b xxu||||| |||| 00| 0 eng d
020 _a9780470128817
041 _aeng
080 _29TH
_a330.722.6
100 _a62
101 _aKON
245 _aFINANCIAL ACCOUNTING THEORY AND ANALYSIS: TEXT AND CASES
_cSCHROEDER,R.G
942 _2udc
_cBK
999 _c38049
_d38049